000 00660nam a2200241Ia 4500
003 OSt
005 20220925230736.0
006 a|||||r|||| 00| 0
007 ta
008 220923b |||||||| |||| 00| 0 eng d
020 _a0905762827
037 _cGeneral Book
040 _aRTL
_cRTL
_beng
041 _2eng
_aeng
082 _aV45.N7, M0
100 _aJazani Bizhan
245 0 _aCapitalism and revolution in Iran
_b Selected writi
260 _aLondon
_bZed Press
_c1980
300 _axvi, 151p
_ccm.
650 _aFreedom Struggle History
942 _hV45.N7, M0
_cGB
_2CC
999 _c586459
_d586459